UBT Library

Careers in engineering / (Record no. 40510)

000 -LEADER
fixed length control field 00701cam a22002414a 4500
001 - CONTROL NUMBER
control field 12836312
005 - DATE AND TIME OF LATEST TRANSACTION
control field 20180118093641.0
008 - FIXED-LENGTH DATA ELEMENTS--GENERAL INFORMATION
fixed length control field 020628s2003 ilu 000 0 eng
010 ## - LIBRARY OF CONGRESS CONTROL NUMBER
LC control number 2002027208
020 ## - INTERNATIONAL STANDARD BOOK NUMBER
International Standard Book Number 0071390413
020 ## - INTERNATIONAL STANDARD BOOK NUMBER
Cancelled/invalid ISBN 0071390405
040 ## - CATALOGING SOURCE
Original cataloging agency DLC
Transcribing agency DLC
Modifying agency DLC
041 ## - LANGUAGE CODE
Language code of text/sound track or separate title eng
042 ## - AUTHENTICATION CODE
Authentication code pcc
080 ## - UNIVERSAL DECIMAL CLASSIFICATION NUMBER
Universal Decimal Classification number 620..002373 GER
082 00 - DEWEY DECIMAL CLASSIFICATION NUMBER
Classification number 620..002373 GER
Edition number 21
100 1# - Rafti
Rafti 27
101 ## - Shkurtesa
Shkurtesa ENG
245 10 - TITLE STATEMENT
Title Careers in engineering /
Statement of responsibility, etc Geraldine Garner.
906 ## - LOCAL DATA ELEMENT F, LDF (RLIN)
a 7
b cbc
c orignew
d 1
e ocip
f 20
g y-gencatlg
942 ## - ADDED ENTRY ELEMENTS (KOHA)
Source of classification or shelving scheme
Item type Books
Holdings
Withdrawn status Lost status Source of classification or shelving scheme Damaged status Not for loan Collection code Permanent location Current location Shelving location Date acquired Total Checkouts Full call number Barcode Date last seen Price effective from Koha item type
          Koleksioni i përgjithshem UBT - Lipjan UBT - Lipjan Koleksioni i përgjithshem 01/18/2018   620..002373 GER 002-2995866 01/18/2018 01/18/2018 Books
UBT Library © 2015-2024. All rights reserved University Education for Business and Technology